000 00585nam a2200193Ia 4500
005 20250508165252.0
008 008 250505s9999 xx 000 0 eng d
037 _aDissertations
040 _aFEDL
_beng
_cFEDL
041 _aeng
_2eng
084 _a370.152 3, SAK/DI
_qFEDL
100 _aSakhuja Richa
245 0 _aHelping children learn englsih as L 2 through storytelling: An exploratory study
260 _c2011
300 _a139p.
546 _aM.Phil Dissertation, (Delhi University)
942 _cDIS
_h370.152 3, SAK/DI
999 _c1394155
_d1394155